00660 2200241 4500001002100000005001500021035002000036245008500056100001900141250000600160300003500166700003000201260004300231082000800274084001400282020002200296650001500318990001700333990001700350990001700367990001700384990001700401INLIS00000000000011220180828122211 a0010-08180000761 aBerat, Waktu dan Pengukuran /cDidik Djunaedi; Editor, Titiek Tri Indrijaningsih0 aDidik Djunaedi a- aiv, 60 hlm. :bilus. ;c25 cm.0 aTitiek Tri Indrijaningsih aJakarta :bPT Gading Inti Prima,c2010 a510 a510 DID b a978-602-8608-6-88 aMatematika a00475/H/2018 a00476/H/2018 a00477/H/2018 a04186/H/2018 a04187/H/2018